00698nam a2200229 a 450000100060000000300080000600500170001400800410003102000260007203500190009804000320011704100080014908200270015710000240018424500700020826000320027830000260031050000200033650400320035665100390038865100410042741898BD-RjUL20211209053452.0160607s1981 ii b 001 0 eng  a0836400437c: Rs75.00 a(BD-RjUL)42016 aDLCcDLCdDLCdBD-RjULbeng aeng00a320.9549223bQUP 198110aQuddus, Muhammed A.10aPakistan, a case study of a plural society /cMuhammed A. Quddus. aCalcutta :bMinerva,c1981. axiv, 196 p. ;c22 cm. aIncludes index. aBibliography: p. [180]-190. 0aPakistanxPolitics and government. 0aBangladeshxPolitics and government.